| 000 | 00476cam a22000977a 4500 | ||
|---|---|---|---|
| 008 | 180718b1960 xxu||||| |||| 00| 0 eng d | ||
| 082 | _aN4x42 Un3rcm/4/2 | ||
| 245 |
_aRoyal commission on the police: Minutes of evidence 4 (part II) forth day, Wednesday, 27th April, 1960 (witness: association of chief police officers of England and Wales) _cby Her Majesty's Stationery Office |
||
| 260 |
_aLondon _bHer Majesty's Stationery Office _c1960 |
||
| 700 | _aHer Majesty's Stationery Office | ||
| 999 |
_c411022 _d411022 |
||